000 00260nam a2200097Ia 4500
001 909950
005 20250826185651.0
008 250824s9999 xx 000 0 und d
245 0 _aBİZE GÖRE FRANKFURT SEYAHATNAMESİ
_cAHMET HAŞİM
260 _bANONİM YAYINLARI
999 _c909950
_d909950